Physical processes of sedimentation: an introduction
Enregistré dans:
| Auteur principal: | |
|---|---|
| Format: | Livre |
| Langue: | anglais |
| Publié: |
Londres
George Allen and Unwin
1970
|
| Collection: | Earth sciences series, 1
|
| Sujets: | |
| Tags: |
Ajouter un tag
Pas de tags, Soyez le premier à ajouter un tag!
|
MARC
| LEADER | 00000nam a2200000 a 4500 | ||
|---|---|---|---|
| 001 | UCV5029 | ||
| 003 | CL-VaPUC | ||
| 008 | 920331e19700000UK |||||||||||||||||eng|d | ||
| 082 | 0 | 4 | |a 552.5 |b ALL |2 21 |
| 100 | 0 | |a Allen, John R. L |e author |9 299265 | |
| 245 | 1 | 0 | |a Physical processes of sedimentation: an introduction |
| 300 | |a 248 p | ||
| 942 | |c BK | ||
| 945 | |d 19920331 00:00:00 | ||
| 260 | |a Londres |b George Allen and Unwin |c 1970 | ||
| 650 | 0 | |a Sedimentación |9 261527 | |
| 650 | 7 | |a SEDIMENTOS GEOLOGIA |2 CL-VaPUC |9 261218 | |
| 583 | |a last modification |c 19920331 00:00:00 |k Rodrigo Vera | ||
| 490 | 0 | |a Earth sciences series, 1 | |
| 999 | |c 211634 |d 211632 | ||
| 952 | |0 0 |1 0 |2 ddc |4 0 |6 552_500000000000000_ALL_1970 |7 0 |8 CCM |9 191356 |a BIBCUR |b BIBCUR |c PAC |d 2019-11-14 |i 2589737 |o 552.5 ALL 1970 |p 2589737 |r 2025-04-22 |w 2019-11-14 |y BK |k CIM | ||